Loading...
| Science - Physics | 0 | 4 | 0 | 0 | 40 | 36 | 49.75 | 1 | 3 | 0.00 | 0.00 |
| Science - Other | 0 | 4 | 0 | 1 | 40 | 20 | 53.25 | 2 | 3 | 0.00 | 0.00 |
| Geography | 0 | 3 | 0 | 1 | 30 | 78 | 95.00 | 0 | 1 | 0.00 | 0.00 |
| Philosophy | 0 | 3 | 0 | 1 | 30 | 66 | 79.33 | 0 | 2 | 0.00 | 0.00 |
| Science - Chemistry | 0 | 3 | 1 | 0 | 25 | 27 | 41.67 | 0 | 3 | 0.00 | 0.00 |
| Science - Biology | 0 | 2 | 0 | 0 | 20 | 20 | 32.50 | 2 | 2 | 0.00 | 0.00 |
| History - Other | 0 | 2 | 1 | 0 | 15 | 45 | 49.00 | 0 | 2 | 0.00 | 0.00 |
| Social Science | 0 | 1 | 0 | 0 | 10 | 48 | 48.00 | 0 | 1 | 0.00 | 0.00 |
| Literature - American | 0 | 1 | 0 | 0 | 10 | 45 | 45.00 | 0 | 1 | 0.00 | 0.00 |
| Mythology | 0 | 1 | 0 | 0 | 10 | 71 | 71.00 | 0 | 0 | 0.00 | 0.00 |
| Religion | 0 | 1 | 0 | 0 | 10 | 93 | 93.00 | 0 | 1 | 0.00 | 0.00 |
| Current Events | 0 | 0 | 1 | 0 | -5 | 0.00 | 0 | 0 | 0.00 | 0.00 |